1568 1471 1415 1796 1138 1394 1671 1775 1751 1554 1237 1076 1491 1105 1945 1051 1360 1736 1418 1960 1667 1769 1088 1741 1122 1482 1480 1373 1811 1840 1624 1268 1413 1760 1536 1387 1072 1541 1701 2000 1576 1182 1040 1027 1032 1607 1758 1642 1880 1001 1120 1619 1546 1353 1441 1069 1834 1073 1807 1725 1968 1496 1206 1896 1540 1502 1286 1853 1279 1078 1558 1737 1398 1265 1911 1043 1321 1604 1679 1613 1397 1879 1235 1515 1937 1234 1740 1885 1782 1343 1139 1571 1928 1988 1675 1825 1715 1755 1433 BCNSPRNW ULIB Ver.6.0+V

เปลี่ยนเป็นภาษาไทย

Change to English
 แสดงรายละเอียดบรรณานุกรม
  กลับหน้าหลัก

Brief Record : Get Marc (ISO 2709) : E-mail record : QR code < ปิดหน้าต่าง
LEADER : 00000nam 2200000uu 4500
001    13399122558
003     ULIB
008    020711s2551 th a 000 0 tha d
099    วจ.WS460^bว494ก
100    วาณี โพธิ์นคร
110    วิทยาลัยพยาบาลบรมราชชนนี สวรรค์ประชารักษ์ นครสวรรค์
245    การพัฒนาชุดการสร้างเสริมพฤติกรรมสุขภาพทางเพศของวัยรุ่นในสถานศึกษา. /^cวาณี โพธิ์นคร และคณะ
260    นครสวรรค์ :^bวิทยาลัยพยาบาลบรมราชชนนี สวรรค์ประชารักษ์ นครสวรรค์,^c2551
300    105 หน้า
650    วัยรุ่น^xเพศ
700    สุชาดา อินทรกำแหง ณ ราชสีมา
700    จันทนา เกสรบัว
700    รพีพรรณ วิบูลย์วัฒนกิจ
945    ^p0^l0^i20005
รายการนี้ยังไม่มีแท็ก
คุณยังไม่ได้ล็อกอิน คุณสามารถมีกิจกรรมร่วมกับเว็บไซต์ได้ แต่ต้องล็อกอินก่อน ::
  ล็อกอิน

รายการสื่อสารสนเทศ

ลำดับที่ ประเภท เลขเรียก/บาร์โค้ด สถานที่ สถานะ
1. งานวิจัย
งานวิจัย
วจ.WS460 ว494ก ฉ.1 
  Barcode: 20005
ห้องสมุดวิทยาเขตสวรรค์ประชารักษ์
►วิจัย
บนชั้น

รายการใกล้เคียง
    ผู้แต่ง [วาณี โพธิ์นคร]

BibComment


ยังไม่เคยถูกคอมเมนท์

คอมเมนท์ทรัพยากรรายการนี้
  คอมเมนท์: การพัฒนาชุดการสร้..


 Copyright 2026. Bcnsprnw @Library